000 00410nam a2200169Ia 4500
008 230524s9999 xx 000 0 und d
020 _a8173194311
082 _a537
_bGHO
100 _aS.N.Ghosh
245 0 _aElectromagnetic Theory and Wave Propagation
250 _a2ND
260 _aNEW DELHI
_bNarosa
_c2002
300 _aXVI;259
500 _aQuantity Number: 2
650 _aElectrical
942 _cBK
999 _c8979
_d8979